[Event "EU-chT Seniors 65"]
[Site "Dresden"]
[Date "2022.11.01"]
[Round "6.4"]
[White "Meinke, Dietlind"]
[Black "Mortensen, Steen Juul"]
[Result "1/2-1/2"]
[WhiteElo "1780"]
[BlackElo "1901"]
[PlyCount "32"]
[EventDate "2022.10.27"]
[EventType "team-swiss"]
[EventRounds "9"]
[EventCountry "GER"]
[SourceTitle "EXT 2024"]
[Source "ChessBase"]
[SourceDate "2023.10.10"]
[SourceVersion "1"]
[SourceVersionDate "2023.10.10"]
[SourceQuality "1"]
[WhiteTeam "Germany (Women) 65"]
[BlackTeam "Denmark SK 2012 65"]
[WhiteTeamCountry "GER"]
[BlackTeamCountry "DEN"]

1. d4 Nf6 2. Bf4 d5 3. e3 e6 4. Nd2 c5 5. c3 Nc6 6. Ngf3 Bd6 7. Bg3 0-0 8. Ne5 Qc7 9. f4 b6 10. Bd3 Bb7 11. Bh4 Be7 12. Bxf6 Bxf6 13. Qh5 g6 14. Qh3 Rae8 15. Ndf3 Qe7 16. Bb5 Rc8 1/2-1/2

[Event "GER-ch Seniors 65 34th"]
[Site "Magdeburg"]
[Date "2022.08.12"]
[Round "1"]
[White "Schulz, Michael"]
[Black "Meinke, Dietlind"]
[Result "1-0"]
[WhiteElo "2217"]
[BlackElo "1827"]
[PlyCount "63"]
[EventDate "2022.08.12"]
[EventType "swiss"]
[EventRounds "9"]
[EventCountry "GER"]
[SourceTitle "CBM 209 Extra"]
[Source "ChessBase"]
[SourceDate "2022.09.30"]
[SourceVersion "1"]
[SourceVersionDate "2022.09.30"]
[SourceQuality "1"]

1. d4 d5 2. Bg5 Nf6 3. Bxf6 exf6 4. e3 Bf5 5. Bd3 Bxd3 6. Qxd3 c6 7. Nf3 Nd7 8. 0-0 Bd6 9. Nbd2 0-0 10. e4 Nb6 11. Rfe1 Bf4 12. b3 Re8 13. a4 Bxd2 14. Nxd2 dxe4 15. Rxe4 Re6 16. Rae1 Qd7 17. c4 Rae8 18. a5 Nc8 19. c5 Qd5 20. Rxe6 fxe6 21. Nc4 Rd8 22. Qh3 Re8 23. Qe3 Kf7 24. h3 Re7 25. Qf4 Qd8 26. g3 g5 27. Qe4 Kg7 28. h4 Qd5 29. hxg5 Qxg5 30. Nd6 Nxd6 31. cxd6 Rd7 32. Qxe6 1-0

[Event "Rottach Egern Seniors Cup 10th"]
[Site "Rottach Egern"]
[Date "2022.04.01"]
[Round "7"]
[White "Prueske, Wolfgang"]
[Black "Meinke, Dietlind"]
[Result "1-0"]
[WhiteElo "1978"]
[BlackElo "1833"]
[PlyCount "83"]
[EventDate "2022.03.26"]
[EventType "swiss"]
[EventRounds "9"]
[EventCountry "GER"]
[SourceTitle "CBM 207 Extra"]
[Source "ChessBase"]
[SourceDate "2022.05.31"]
[SourceVersion "1"]
[SourceVersionDate "2022.05.31"]
[SourceQuality "1"]

1. g3 d5 2. Bg2 Nf6 3. d3 e5 4. Nd2 c6 5. e4 dxe4 6. dxe4 Bc5 7. h3 Be6 8. Ngf3 Nbd7 9. Ng5 Qe7 10. Nxe6 Qxe6 11. 0-0 h6 12. Qe2 Nb6 13. a4 Rd8 14. a5 Nc8 15. Nb3 Bd6 16. Be3 0-0 17. Nd2 Qe7 18. Nc4 Bc5 19. c3 Rd7 20. Rfd1 Rfd8 21. Rxd7 Rxd7 22. b4 Bxe3 23. Qxe3 Qe6 24. Bf1 Nd6 25. Nd2 a6 26. Kh2 Nb5 27. Bc4 Qd6 28. Nb3 Nxe4 29. Bxb5 Nxc3 30. Qxc3 cxb5 31. Nc5 Qc7 32. Qf3 Rd4 33. Qxb7 Qxb7 34. Nxb7 Rxb4 35. Nc5 Rb2 36. Nxa6 Rxf2+ 37. Kg1 Rc2 38. Nb4 Rc7 39. a6 Ra7 40. Nc6 Ra8 41. a7 e4 42. Rb1 1-0

[Event "Rottach Egern Seniors Cup 10th"]
[Site "Rottach Egern"]
[Date "2022.03.29"]
[Round "4"]
[White "Meinke, Dietlind"]
[Black "Pfitzer, Norbert"]
[Result "1/2-1/2"]
[WhiteElo "1833"]
[BlackElo "2026"]
[PlyCount "78"]
[EventDate "2022.03.26"]
[EventType "swiss"]
[EventRounds "9"]
[EventCountry "GER"]
[SourceTitle "CBM 207 Extra"]
[Source "ChessBase"]
[SourceDate "2022.05.31"]
[SourceVersion "1"]
[SourceVersionDate "2022.05.31"]
[SourceQuality "1"]

1. e4 e5 2. Nf3 d6 3. d4 exd4 4. Qxd4 a6 5. Bg5 Nc6 6. Qd2 Be7 7. Bf4 Nf6 8. Nc3 0-0 9. Bc4 Bd7 10. 0-0 h6 11. Rfe1 Nh5 12. Nd5 Nxf4 13. Qxf4 Be6 14. Rad1 Na5 15. Nxe7+ Qxe7 16. Bd5 Nc6 17. a3 Rae8 18. Qh4 Qxh4 19. Nxh4 Bxd5 20. exd5 Ne5 21. b3 g6 22. h3 Kg7 23. Re3 Nd7 24. Rde1 Rxe3 25. Rxe3 Nf6 26. c4 Re8 27. Rxe8 Nxe8 28. Nf3 Nf6 29. Nd2 Nd7 30. f4 Kf6 31. Kf2 Nc5 32. Ke3 h5 33. g4 hxg4 34. hxg4 Ke7 35. b4 Nd7 36. Ne4 f5 37. gxf5 gxf5 38. Ng5 Nf6 39. Kd4 Nh5 1/2-1/2

[Event "Rottach Egern Seniors Cup 10th"]
[Site "Rottach Egern"]
[Date "2022.03.28"]
[Round "3"]
[White "Zschunke, Werner"]
[Black "Meinke, Dietlind"]
[Result "1/2-1/2"]
[WhiteElo "1935"]
[BlackElo "1833"]
[PlyCount "107"]
[EventDate "2022.03.26"]
[EventType "swiss"]
[EventRounds "9"]
[EventCountry "GER"]
[SourceTitle "CBM 207 Extra"]
[Source "ChessBase"]
[SourceDate "2022.05.31"]
[SourceVersion "1"]
[SourceVersionDate "2022.05.31"]
[SourceQuality "1"]

1. c4 c5 2. Nf3 Nf6 3. d4 cxd4 4. Nxd4 d6 5. Nc3 e5 6. Nc2 Bf5 7. Ne3 Be6 8. b3 Nc6 9. g3 Be7 10. Bg2 0-0 11. 0-0 Qd7 12. Nc2 Bh3 13. Bg5 Bxg2 14. Kxg2 Rfd8 15. e4 h6 16. Bxf6 Bxf6 17. Ne3 Rac8 18. Nf5 Ne7 19. Ne3 g6 20. Qd2 Nc6 21. Rad1 Nd4 22. Nc2 Nxc2 23. Qxc2 Qe6 24. Rd5 Rc5 25. Qd2 Kg7 26. Rd1 Be7 27. Qb2 Kh7 28. Qa3 Ra8 29. Nb5 Rc6 30. Qb2 a6 31. Nc3 Rac8 32. a4 Rc5 33. Qd2 Rxd5 34. Nxd5 Bf8 35. Qb4 Rb8 36. Qb6 Kg7 37. Qc7 Qc8 38. Qa5 Qd8 39. Qd2 Rc8 40. Ne3 h5 41. f4 exf4 42. gxf4 Qe7 43. Qd4+ Kh7 44. Nd5 Qe6 45. h3 Bg7 46. Qd3 Re8 47. Re1 Qc8 48. Nc3 Qc6 49. Nd5 Qc8 50. Re2 f5 51. exf5 Rxe2+ 52. Qxe2 Qxf5 53. Ne7 Qxf4 54. Qe6 1/2-1/2

[Event "GER-ch Seniors 65 32nd"]
[Site "Magdeburg"]
[Date "2020.08.14"]
[Round "1"]
[White "Meinke, Dietlind"]
[Black "Buchal, Stephan"]
[Result "0-1"]
[WhiteElo "1888"]
[BlackElo "2280"]
[PlyCount "43"]
[EventDate "2020.08.14"]
[EventType "swiss"]
[EventRounds "9"]
[EventCountry "GER"]
[SourceTitle "EXT 2021"]
[Source "ChessBase"]
[SourceDate "2020.10.23"]
[SourceVersion "1"]
[SourceVersionDate "2020.10.23"]
[SourceQuality "1"]

1. e4 g6 2. Nc3 Bg7 3. Bc4 c5 4. f4 Nc6 5. d3 e6 6. Nf3 Nge7 7. Bb3 d5 8. 0-0 0-0 9. Qe1 Na5 10. exd5 Nxb3 11. axb3 Nxd5 12. Nxd5 Qxd5 13. Qe4 b6 14. Re1 Bb7 15. Qxd5 Bxd5 16. Kf2 Rfd8 17. Rb1 a5 18. Bd2 a4 19. c4 Bxf3 20. Kxf3 Rxd3+ 21. Ke2 Rxb3 22. Bc3 0-1

[Event "GER-chT Laender Seniors 50+"]
[Site "Templin"]
[Date "2018.09.14"]
[Round "5.4"]
[White "Fiedler, Wolfgang"]
[Black "Meinke, Dietlind"]
[Result "1-0"]
[WhiteElo "1994"]
[BlackElo "1891"]
[PlyCount "81"]
[EventDate "2018.09.10"]
[EventType "team-tourn"]
[EventRounds "7"]
[EventCountry "GER"]
[SourceTitle "EXT 2020"]
[Source "ChessBase"]
[SourceDate "2019.10.17"]
[SourceVersion "1"]
[SourceVersionDate "2019.10.17"]
[SourceQuality "1"]
[WhiteTeam "Bayern"]
[BlackTeam "Schleswig Holstein"]
[WhiteTeamCountry "GER"]
[BlackTeamCountry "GER"]

1. f4 Nf6 2. Nf3 g6 3. d4 Bg7 4. e3 0-0 5. Bd3 d5 6. Nbd2 Nbd7 7. 0-0 c5 8. c3 b6 9. Ne5 Bb7 10. Qf3 e6 11. g4 Qc7 12. g5 Nh5 13. Qh3 Bxe5 14. fxe5 Nxe5 15. dxe5 Qxe5 16. Nf3 Qd6 17. Qg4 f5 18. gxf6 Rxf6 19. Bd2 Raf8 20. Ng5 Qe7 21. Rxf6 Rxf6 22. Rf1 e5 23. Rxf6 Nxf6 24. Qe6+ Qxe6 25. Nxe6 Bc8 26. Nc7 c4 27. Be2 Bd7 28. Be1 Kf7 29. Bg3 e4 30. Be5 Bc6 31. Bxf6 Kxf6 32. Na6 h5 33. h4 Ke5 34. Kf2 Bb7 35. Nb4 a5 36. Nc2 Bc8 37. Kg3 Be6 38. Nd4 Bd7 39. Bf1 a4 40. a3 Kf6 41. Bh3 1-0

[Event "GER-chT Laender Seniors 50+"]
[Site "Templin"]
[Date "2018.09.12"]
[Round "3.4"]
[White "Schwarz, Hans"]
[Black "Meinke, Dietlind"]
[Result "1-0"]
[WhiteElo "1881"]
[BlackElo "1891"]
[PlyCount "81"]
[EventDate "2018.09.10"]
[EventType "team-tourn"]
[EventRounds "7"]
[EventCountry "GER"]
[SourceTitle "EXT 2020"]
[Source "ChessBase"]
[SourceDate "2019.10.17"]
[SourceVersion "1"]
[SourceVersionDate "2019.10.17"]
[SourceQuality "1"]
[WhiteTeam "Sachsen Anhalt"]
[BlackTeam "Schleswig Holstein"]
[WhiteTeamCountry "GER"]
[BlackTeamCountry "GER"]

1. e4 d5 2. exd5 Qxd5 3. Nc3 Qd8 4. Bc4 Nf6 5. Nf3 Bg4 6. 0-0 e6 7. d4 c6 8. Be3 Bb4 9. Be2 Qa5 10. Bd2 Nbd7 11. a3 Bxc3 12. Bxc3 Qc7 13. b3 0-0-0 14. Qe1 Nb6 15. Bb2 Nbd5 16. Ne5 Bf5 17. Rc1 Nf4 18. Bf3 Ng6 19. Qe2 Nxe5 20. dxe5 Nd7 21. Qe3 Nb6 22. a4 Kb8 23. Bd4 Nc8 24. c4 Qa5 25. Rfd1 Ka8 26. Bc5 Qc7 27. Qf4 Rxd1+ 28. Rxd1 Rd8 29. Rxd8 Qxd8 30. Bd6 h6 31. b4 f6 32. c5 g5 33. Qd4 fxe5 34. Qxe5 g4 35. Be2 a6 36. g3 h5 37. Bc4 Qe8 38. Qe2 Ka7 39. Bf4 Qd7 40. Qe5 Qd1+ 41. Bf1 1-0

[Event "Schleswig Holstein-ch Seniors op 11th"]
[Site "Buesum"]
[Date "2017.09.16"]
[Round "9"]
[White "Quiring, Nikolai"]
[Black "Meinke, Dietlind"]
[Result "1-0"]
[WhiteElo "1990"]
[BlackElo "1906"]
[PlyCount "89"]
[EventDate "2017.09.08"]
[EventType "swiss"]
[EventRounds "9"]
[EventCountry "GER"]
[SourceTitle "EXT 2019"]
[Source "ChessBase"]
[SourceDate "2018.10.10"]
[SourceVersion "1"]
[SourceVersionDate "2018.10.10"]
[SourceQuality "1"]

1. d4 Nf6 2. c4 e6 3. Nc3 Bb4 4. Qd2 d5 5. a3 Bxc3 6. Qxc3 0-0 7. e3 b6 8. b4 c6 9. Nf3 Nbd7 10. Bd3 Ba6 11. b5 dxc4 12. Bxh7+ Nxh7 13. bxa6 b5 14. a4 Qc7 15. 0-0 Ndf6 16. Qc2 Rab8 17. e4 Rfc8 18. e5 Nd5 19. Ng5 Nf8 20. Ne4 Qb6 21. Nc5 Qd8 22. Be3 Nd7 23. Nb7 Qe7 24. Nd6 Rc7 25. axb5 cxb5 26. Ra5 b4 27. Rb5 Rxb5 28. Nxb5 b3 29. Qb2 N7b6 30. Nxc7 Qxc7 31. Ra1 Nb4 32. Bd2 Nd3 33. Qa3 c3 34. Qxb3 cxd2 35. Qxd3 Qc1+ 36. Qf1 Qc3 37. Rd1 Qxd4 38. Qe2 Nc4 39. h3 Nxe5 40. Rxd2 Qa4 41. Rd1 Qa5 42. Qe4 Qc7 43. Qb7 Qc5 44. Qe4 Qc7 45. Kh1 1-0

[Event "Schleswig Holstein-ch Seniors op 11th"]
[Site "Buesum"]
[Date "2017.09.13"]
[Round "6"]
[White "Meinke, Dietlind"]
[Black "Lueders, Guenter"]
[Result "1-0"]
[WhiteElo "1906"]
[BlackElo "1796"]
[PlyCount "45"]
[EventDate "2017.09.08"]
[EventType "swiss"]
[EventRounds "9"]
[EventCountry "GER"]
[SourceTitle "EXT 2019"]
[Source "ChessBase"]
[SourceDate "2018.10.10"]
[SourceVersion "1"]
[SourceVersionDate "2018.10.10"]
[SourceQuality "1"]

1. e4 c5 2. Nc3 d6 3. f4 g6 4. Nf3 Bg7 5. Bc4 e6 6. 0-0 Ne7 7. Qe1 Nec6 8. f5 Nd4 9. Nxd4 Bxd4+ 10. Kh1 gxf5 11. exf5 Bxc3 12. dxc3 e5 13. Qg3 Qf6 14. Bg5 Qg7 15. Rad1 h6 16. Bh4 Qxg3 17. hxg3 Nd7 18. Rxd6 a6 19. a4 Rb8 20. Re1 h5 21. Rxe5+ Kf8 22. Re7 Rh7 23. Be6 1-0

[Event "Schleswig Holstein-ch Seniors op 11th"]
[Site "Buesum"]
[Date "2017.09.12"]
[Round "5"]
[White "Lomer, Edmund"]
[Black "Meinke, Dietlind"]
[Result "1-0"]
[WhiteElo "2065"]
[BlackElo "1906"]
[PlyCount "61"]
[EventDate "2017.09.08"]
[EventType "swiss"]
[EventRounds "9"]
[EventCountry "GER"]
[SourceTitle "EXT 2019"]
[Source "ChessBase"]
[SourceDate "2018.10.10"]
[SourceVersion "1"]
[SourceVersionDate "2018.10.10"]
[SourceQuality "1"]

1. Nf3 d5 2. g3 Nf6 3. Bg2 c6 4. d4 Bg4 5. 0-0 e6 6. c4 Nbd7 7. Nc3 Be7 8. cxd5 exd5 9. Bf4 0-0 10. Qc2 Re8 11. Rac1 Nh5 12. Be3 Nhf6 13. Rfd1 Bd6 14. h3 Bh5 15. Qd2 Qe7 16. Nh4 Qe6 17. Bf4 Bb4 18. g4 Bg6 19. Nxg6 hxg6 20. Bf3 Bd6 21. Kg2 Ne4 22. Bxe4 dxe4 23. d5 cxd5 24. Bxd6 Qxd6 25. Qxd5 Qxd5 26. Nxd5 Rad8 27. Rc7 Kf8 28. Rxb7 a5 29. Nc3 Nc5 30. Rxd8 Rxd8 31. Rb5 1-0

[Event "BL2 West 1617 (Women)"]
[Site "Germany"]
[Date "2017.02.12"]
[Round "5.3"]
[White "Meinke, Dietlind"]
[Black "Benzen, Marthe"]
[Result "0-1"]
[WhiteElo "1905"]
[BlackElo "2043"]
[PlyCount "88"]
[EventDate "2016.10.22"]
[EventType "team-tourn"]
[EventRounds "7"]
[EventCountry "GER"]
[SourceTitle "EXT 2018"]
[Source "ChessBase"]
[SourceDate "2017.10.13"]
[SourceVersion "1"]
[SourceVersionDate "2017.10.13"]
[SourceQuality "1"]
[WhiteTeam "Quickborn Holstein (W)"]
[BlackTeam "Kiel Doppelbauer (W)"]
[WhiteTeamCountry "GER"]
[BlackTeamCountry "GER"]

1. e4 e5 2. Nf3 Nc6 3. Bb5 a6 4. Ba4 Nf6 5. 0-0 b5 6. Bb3 Be7 7. Re1 d6 8. c3 0-0 9. h3 Na5 10. Bc2 c5 11. d4 Qc7 12. d5 Bd7 13. Nbd2 Rfc8 14. b3 Nb7 15. Bb2 c4 16. b4 a5 17. a3 h6 18. Nf1 Nh7 19. Ng3 Ng5 20. Qe2 Rf8 21. Nxg5 Bxg5 22. Bc1 Bxc1 23. Rexc1 f6 24. Qh5 Be8 25. Qg4 Qf7 26. Nf5 Kh7 27. Qg3 Bd7 28. Nh4 g6 29. Rf1 g5 30. Nf5 Bxf5 31. exf5 Qxd5 32. Qe3 Qc6 33. Be4 d5 34. Bf3 e4 35. Bh5 Nd6 36. Bg6+ Kg7 37. Qd4 Nf7 38. Bxf7 Rxf7 39. Rad1 Rd7 40. Rfe1 axb4 41. axb4 Rad8 42. Ra1 Rb7 43. Rxe4 dxe4 44. Qxe4 Qxe4 0-1

[Event "BL2 West 1617 (Women)"]
[Site "Germany"]
[Date "2017.01.21"]
[Round "3.3"]
[White "Kinzel, Tiffany"]
[Black "Meinke, Dietlind"]
[Result "1/2-1/2"]
[WhiteElo "1744"]
[BlackElo "1905"]
[PlyCount "95"]
[EventDate "2016.10.22"]
[EventType "team-tourn"]
[EventRounds "7"]
[EventCountry "GER"]
[SourceTitle "EXT 2018"]
[Source "ChessBase"]
[SourceDate "2017.10.13"]
[SourceVersion "1"]
[SourceVersionDate "2017.10.13"]
[SourceQuality "1"]
[WhiteTeam "Muelheim Nord (W)"]
[BlackTeam "Quickborn Holstein (W)"]
[WhiteTeamCountry "GER"]
[BlackTeamCountry "GER"]

1. d4 d5 2. e3 Nf6 3. Bd3 e6 4. Nd2 c5 5. c3 Nc6 6. f4 cxd4 7. exd4 Bd6 8. Ne2 0-0 9. 0-0 Qb6 10. Kh1 Ne7 11. Qe1 Bd7 12. Ng3 Rfe8 13. Nf3 Nf5 14. Ne5 Bb5 15. Bxb5 Qxb5 16. Nxf5 exf5 17. a4 Qb6 18. Rf3 Qc7 19. Be3 Ne4 20. Rh3 Nf6 21. Qb1 g6 22. Qd1 h5 23. Rf3 Bf8 24. Bf2 Bh6 25. Bh4 Ne4 26. Rf1 Re6 27. Bg3 Kh7 28. Rc1 f6 29. Nd3 Rc8 30. Re1 b6 31. Rc2 a5 32. Rce2 Rc6 33. Qb3 Rc4 34. Qd1 Qc6 35. Nf2 Rxa4 36. Qb1 Rc4 37. Nd1 Qd7 38. Qa2 a4 39. Ne3 R4c6 40. Qxa4 Rd6 41. Ra1 Rd8 42. Ree1 b5 43. Qb4 Bf8 44. Qb3 Nd2 45. Qc2 Nc4 46. b3 Nxe3 47. Rxe3 Re6 48. Rxe6 1/2-1/2

[Event "Schleswig Holstein-ch Seniors op 10th"]
[Site "Buesum"]
[Date "2016.09.27"]
[Round "2"]
[White "Graffenberger, Wilhelm"]
[Black "Meinke, Dietlind"]
[Result "0-1"]
[WhiteElo "1717"]
[BlackElo "1892"]
[PlyCount "81"]
[EventDate "2016.09.26"]
[EventType "swiss"]
[EventRounds "9"]
[EventCountry "GER"]
[SourceTitle "EXT 2019"]
[Source "ChessBase"]
[SourceDate "2018.10.10"]
[SourceVersion "1"]
[SourceVersionDate "2018.10.10"]
[SourceQuality "1"]

1. e4 b6 2. d4 e6 3. Nf3 Bb7 4. Nbd2 c5 5. c3 Nf6 6. Bd3 d5 7. e5 Ne4 8. 0-0 Nd7 9. Re1 Nxd2 10. Bxd2 Be7 11. Qc2 h6 12. Be3 a5 13. a4 Ba6 14. c4 Bxc4 15. Bxc4 dxc4 16. Qxc4 0-0 17. Rad1 Qc7 18. d5 exd5 19. Rxd5 Rad8 20. Red1 Nb8 21. Qg4 Rxd5 22. Rxd5 Qc6 23. Rd1 Qc8 24. Qg3 Qe6 25. Nd2 Rd8 26. f4 Qf5 27. Qf3 Qc2 28. b3 Nc6 29. Rf1 Nd4 30. Bxd4 Rxd4 31. Nc4 Rd3 32. Qa8+ Rd8 33. Qf3 Rd3 34. Qa8+ Rd8 35. Qf3 Qd3 36. Nxb6 Qd4+ 37. Qf2 Qb4 38. Nc4 Qxb3 39. Nb2 c4 40. Kh1 c3 41. Qa7 0-1

[Event "GER-chA Seniors 28th"]
[Site "Niederhausen"]
[Date "2016.08.19"]
[Round "7"]
[White "Meinke, Dietlind"]
[Black "Hiller, Joachim"]
[Result "0-1"]
[WhiteElo "1895"]
[BlackElo "2041"]
[PlyCount "46"]
[EventDate "2016.08.13"]
[EventType "swiss"]
[EventRounds "9"]
[EventCountry "GER"]
[SourceTitle "EXT 2019"]
[Source "ChessBase"]
[SourceDate "2018.10.10"]
[SourceVersion "1"]
[SourceVersionDate "2018.10.10"]
[SourceQuality "1"]

1. e4 e5 2. Nf3 Nc6 3. Bb5 a6 4. Ba4 d6 5. d4 b5 6. Bb3 Nxd4 7. Nxd4 exd4 8. Bd5 Rb8 9. Bc6+ Bd7 10. Bxd7+ Qxd7 11. Qxd4 Nf6 12. 0-0 Be7 13. Nc3 0-0 14. b3 b4 15. Nd5 Nxd5 16. Qxd5 Rb5 17. Qc4 Bf6 18. Rb1 Rc5 19. Qxb4 Rxc2 20. a4 Qc6 21. Qe1 Re8 22. f3 d5 23. exd5 Qc5+ 0-1

[Event "GER-chA Seniors 28th"]
[Site "Niederhausen"]
[Date "2016.08.17"]
[Round "5"]
[White "Meinke, Dietlind"]
[Black "Ditmas, Hugh"]
[Result "1/2-1/2"]
[WhiteElo "1895"]
[BlackElo "1981"]
[PlyCount "89"]
[EventDate "2016.08.13"]
[EventType "swiss"]
[EventRounds "9"]
[EventCountry "GER"]
[SourceTitle "EXT 2019"]
[Source "ChessBase"]
[SourceDate "2018.10.10"]
[SourceVersion "1"]
[SourceVersionDate "2018.10.10"]
[SourceQuality "1"]

1. e4 c5 2. Nc3 Nc6 3. f4 g6 4. Nf3 Bg7 5. Bb5 Nd4 6. 0-0 a6 7. Bd3 d6 8. Nxd4 cxd4 9. Ne2 Nf6 10. Kh1 0-0 11. c3 dxc3 12. dxc3 e5 13. fxe5 Ng4 14. h3 Bxe5 15. Nf4 Qh4 16. Qf3 g5 17. Kg1 gxf4 18. hxg4 Bxg4 19. Qf2 Qg3 20. Bc4 Be6 21. Bb3 Qxf2+ 22. Rxf2 Bxb3 23. axb3 f5 24. Bxf4 fxe4 25. Bxe5 dxe5 26. Re2 Rf4 27. Rae1 Rd8 28. Rxe4 Rxe4 29. Rxe4 Rd2 30. Rxe5 Rxb2 31. b4 b5 32. Re6 Ra2 33. Kh2 Kg7 34. Kg3 Ra3 35. Rc6 a5 36. bxa5 b4 37. a6 bxc3 38. a7 c2+ 39. Kg4 Ra4+ 40. Kf5 Rxa7 41. Rxc2 h5 42. Kg5 Ra5+ 43. Kh4 Kg6 44. Rc6+ Kg7 45. Rc7+ 1/2-1/2

[Event "GER-chA Seniors 28th"]
[Site "Niederhausen"]
[Date "2016.08.16"]
[Round "4"]
[White "Kracht, Helmut"]
[Black "Meinke, Dietlind"]
[Result "1-0"]
[WhiteElo "2019"]
[BlackElo "1895"]
[PlyCount "163"]
[EventDate "2016.08.13"]
[EventType "swiss"]
[EventRounds "9"]
[EventCountry "GER"]
[SourceTitle "EXT 2019"]
[Source "ChessBase"]
[SourceDate "2018.10.10"]
[SourceVersion "1"]
[SourceVersionDate "2018.10.10"]
[SourceQuality "1"]

1. e4 d5 2. exd5 Qxd5 3. Nc3 Qa5 4. d4 e5 5. dxe5 Qxe5+ 6. Qe2 Qxe2+ 7. Bxe2 Bb4 8. Bd2 Nf6 9. 0-0-0 a6 10. Bf3 0-0 11. Nge2 Nbd7 12. Bf4 Ba5 13. g4 Nc5 14. g5 Nfd7 15. Nd5 Ne6 16. Ne7+ Kh8 17. Nxc8 Nxf4 18. Nxf4 Ne5 19. Bxb7 Raxc8 20. Bxc8 Rxc8 21. Rd5 Nc4 22. Rc5 Bd2+ 23. Kd1 Bxf4 24. Rxc4 Bxg5 25. Re1 Rd8+ 26. Ke2 Rd7 27. Kf3 g6 28. Re8+ Kg7 29. Ra8 Bf6 30. b3 Be5 31. h3 Rd6 32. Re4 f6 33. Rc4 Re6 34. Ra7 g5 35. Ra4 Rc6 36. c4 Rd6 37. Rxc7+ Kg6 38. Ke3 Bd4+ 39. Ke2 Re6+ 40. Kf1 Bc3 41. Rd7 Re1+ 42. Kg2 a5 43. Rd3 Rc1 44. Rxc3 Rxc3 45. Rxa5 h5 46. c5 Kf7 47. b4 Rc4 48. a3 f5 49. Ra6 g4 50. hxg4 hxg4 51. Rb6 Ke7 52. Ra6 Kd7 53. Rd6+ Kc7 54. Rf6 f4 55. Rg6 Rc3 56. Rxg4 f3+ 57. Kg3 Rxa3 58. Rf4 Rb3 59. Kg4 Kc6 60. Rd4 Rc3 61. Kf4 Kb5 62. Ke4 Kc6 63. Rd6+ Kc7 64. Kd4 Rc2 65. Ke3 Rc3+ 66. Rd3 Rc4 67. Rd4 Rc3+ 68. Kd2 Ra3 69. Rc4 Kc6 70. Rc3 Ra4 71. Rb3 Kb5 72. Rxf3 Rxb4 73. Rc3 Kc6 74. Ke3 Rh4 75. Rc2 Rh5 76. Ke4 Rxc5 77. Rxc5+ Kxc5 78. Ke5 Kc6 79. Ke6 Kc7 80. Ke7 Kc6 81. f4 Kd5 82. f5 1-0

[Event "GER-chA Seniors 28th"]
[Site "Niederhausen"]
[Date "2016.08.15"]
[Round "3"]
[White "Dahlhaus, Friedhelm"]
[Black "Meinke, Dietlind"]
[Result "1/2-1/2"]
[WhiteElo "2013"]
[BlackElo "1895"]
[PlyCount "40"]
[EventDate "2016.08.13"]
[EventType "swiss"]
[EventRounds "9"]
[EventCountry "GER"]
[SourceTitle "EXT 2019"]
[Source "ChessBase"]
[SourceDate "2018.10.10"]
[SourceVersion "1"]
[SourceVersionDate "2018.10.10"]
[SourceQuality "1"]

1. e4 d5 2. exd5 Qxd5 3. Nc3 Qa5 4. d4 e5 5. Nf3 Bg4 6. Be2 Nc6 7. d5 Bxf3 8. Bxf3 Nd4 9. Be3 Nxf3+ 10. Qxf3 Bb4 11. 0-0 Ne7 12. Rfd1 0-0 13. Bd2 Qa6 14. Qg3 Ng6 15. h4 Bxc3 16. Bxc3 Nf4 17. Kh2 f6 18. Bd2 Ne2 19. Qe3 Rad8 20. c4 Qxc4 1/2-1/2

[Event "GER-chA Seniors 28th"]
[Site "Niederhausen"]
[Date "2016.08.14"]
[Round "2"]
[White "Meinke, Dietlind"]
[Black "Rychlik, Kurt"]
[Result "1/2-1/2"]
[WhiteElo "1895"]
[BlackElo "2035"]
[PlyCount "127"]
[EventDate "2016.08.13"]
[EventType "swiss"]
[EventRounds "9"]
[EventCountry "GER"]
[SourceTitle "EXT 2019"]
[Source "ChessBase"]
[SourceDate "2018.10.10"]
[SourceVersion "1"]
[SourceVersionDate "2018.10.10"]
[SourceQuality "1"]

1. e4 g6 2. Nc3 Bg7 3. f4 c5 4. Nf3 Nc6 5. Bb5 e6 6. Bxc6 bxc6 7. 0-0 Ne7 8. d3 d5 9. Qe1 Rb8 10. b3 0-0 11. Bd2 a6 12. Rd1 Qc7 13. Na4 Qa7 14. Kh1 Re8 15. Qh4 f6 16. Bc3 d4 17. Bb2 Bd7 18. Ba3 Rb5 19. Nd2 Nc8 20. Nc4 Rf8 21. Rf3 Rf7 22. Rdf1 Bf8 23. g4 Be8 24. Qg3 Qb8 25. h4 Kh8 26. e5 f5 27. Nd2 Qa7 28. Rg1 Rg7 29. Qh3 Ne7 30. g5 Nd5 31. Nf1 Rbb7 32. Rg2 Nb4 33. Bxb4 cxb4 34. Nb2 c5 35. Nc4 Bc6 36. Nfd2 a5 37. a4 Rbd7 38. Rh2 Rd8 39. Kg1 Bxf3 40. Qxf3 Rd5 41. Kf2 Qc7 42. Nf1 Be7 43. Ng3 Rd8 44. Qh1 Kg8 45. h5 Kf7 46. h6 Rgg8 47. Qf3 Rd5 48. Qe2 Qd8 49. Qd2 Rf8 50. Ke1 Kg8 51. Rf2 Rf7 52. Ne2 Qc7 53. Ng1 Rd8 54. Qe2 Rdf8 55. Nh3 Qd8 56. Qf3 Qc7 57. Kd1 Rd8 58. Re2 Bf8 59. Rh2 Rfd7 60. Kc1 Qa7 61. Kd1 Rd5 62. Kd2 R8d7 63. Rh1 Qc7 64. Qe2 1/2-1/2

[Event "GER-chA Seniors 28th"]
[Site "Niederhausen"]
[Date "2016.08.13"]
[Round "1"]
[White "Gerczuk, Michael"]
[Black "Meinke, Dietlind"]
[Result "1-0"]
[WhiteElo "2115"]
[BlackElo "1895"]
[PlyCount "75"]
[EventDate "2016.08.13"]
[EventType "swiss"]
[EventRounds "9"]
[EventCountry "GER"]
[SourceTitle "EXT 2019"]
[Source "ChessBase"]
[SourceDate "2018.10.10"]
[SourceVersion "1"]
[SourceVersionDate "2018.10.10"]
[SourceQuality "1"]

1. d4 d5 2. c4 e6 3. Nc3 Nf6 4. cxd5 exd5 5. Bg5 Be7 6. e3 c6 7. Qc2 h6 8. Bh4 Be6 9. Bd3 Nbd7 10. Nge2 Nh5 11. Bxe7 Qxe7 12. 0-0 0-0 13. a3 Nb6 14. Rfe1 Qd7 15. Nc1 Rad8 16. Nb3 Qd6 17. Nc5 Bc8 18. Bf5 Qc7 19. b4 a6 20. a4 Nc4 21. Bd3 b6 22. Nb3 Nf6 23. b5 axb5 24. axb5 Bd7 25. bxc6 Bxc6 26. Rec1 b5 27. Qe2 Rfe8 28. Nc5 Ra8 29. Na6 Qb6 30. Nb4 Bb7 31. h3 Rxa1 32. Rxa1 Ra8 33. Rxa8+ Bxa8 34. Qa2 Bb7 35. Qb3 Nd2 36. Nbxd5 Nxb3 37. Nxb6 b4 38. Na2 1-0